<?xml version="1.0" encoding="UTF-8"?>
<record
    xmlns:xsi="http://www.w3.org/2001/XMLSchema-instance"
    xsi:schemaLocation="http://www.loc.gov/MARC21/slim http://www.loc.gov/standards/marcxml/schema/MARC21slim.xsd"
    xmlns="http://www.loc.gov/MARC21/slim">

  <leader>01722nam a22001697a 4500</leader>
  <controlfield tag="008">150318b        xxu||||| |||| 00| 0 eng d</controlfield>
  <datafield tag="020" ind1=" " ind2=" ">
    <subfield code="a">9077288023</subfield>
  </datafield>
  <datafield tag="020" ind1=" " ind2=" ">
    <subfield code="a">3937577459</subfield>
  </datafield>
  <datafield tag="082" ind1=" " ind2=" ">
    <subfield code="a">700.1</subfield>
    <subfield code="b">K923n</subfield>
  </datafield>
  <datafield tag="100" ind1=" " ind2=" ">
    <subfield code="a">Mark Kremer; Maria Hlavajova; Annie Fletcher</subfield>
    <subfield code="9">2225</subfield>
  </datafield>
  <datafield tag="245" ind1=" " ind2=" ">
    <subfield code="a">Now what? Artists write!</subfield>
    <subfield code="b">a new collection of artists' writings published as part six of the project Now what? Dreaming a better world in six parts</subfield>
    <subfield code="c">Mark Kremer</subfield>
  </datafield>
  <datafield tag="260" ind1=" " ind2=" ">
    <subfield code="a">Utrecht </subfield>
    <subfield code="b">BAK ; Frankfurt am Main : Revolver</subfield>
    <subfield code="c">2004</subfield>
  </datafield>
  <datafield tag="300" ind1=" " ind2=" ">
    <subfield code="a">184 pag</subfield>
    <subfield code="b"> ill. col </subfield>
    <subfield code="c">26 cm</subfield>
  </datafield>
  <datafield tag="505" ind1=" " ind2=" ">
    <subfield code="t">Wild west / Pawel and Weronika Althamer</subfield>
    <subfield code="t">The cold studio / Tiong Ang </subfield>
    <subfield code="t">Charming the snake of reason / Ansuya Blom</subfield>
    <subfield code="t">Why can't I be you? / Phil Collins</subfield>
    <subfield code="t">Construction of one : a first scenario / Liam Gillick</subfield>
    <subfield code="t">C'est l'amour : for all my mothers : Nadia, Rosa, Bridge and Ripley / Marina Gr&#x17E;ini&#x107;</subfield>
    <subfield code="t">Letter to children / Sigur&#xF0;ur Gu&#xF0;mundsson</subfield>
    <subfield code="t">statement : altar / Thomas Hirschhorn</subfield>
    <subfield code="t">Pissing in public / Hans van Houwelingen </subfield>
    <subfield code="t">Drifting producers / Yongseok Jeon</subfield>
    <subfield code="t">Can art make a better world? / Daniel Jewesbury</subfield>
    <subfield code="t">The most beautiful dream is rechargeable / Job Koelewijn</subfield>
    <subfield code="t">Theoretical performances / Boris Ondrei&#x10D;ka</subfield>
    <subfield code="t">Art without justification / Anatoly Osmolovsky</subfield>
    <subfield code="t">Starhawk! the musical / Maria Pask</subfield>
    <subfield code="t">The artist that speaks up / Jan van de Pavert</subfield>
    <subfield code="t">the meeting in Quebec (Montreaux), the dialogue in Constanta (Konstanz) / Manfred Pernice</subfield>
    <subfield code="t">www.alamut.com / Paul Perry </subfield>
    <subfield code="t">Las Lanzas / Willem de Rooij </subfield>
    <subfield code="t">Tino Sehgal </subfield>
    <subfield code="t">A suicide note from a contemporary artist / Thorvaldur Thorsteinsson</subfield>
    <subfield code="t">The inside of an ambulance / Sarah Tripp</subfield>
  </datafield>
  <datafield tag="650" ind1=" " ind2=" ">
    <subfield code="2"> </subfield>
    <subfield code="a">Arte siglo XX</subfield>
    <subfield code="v">Visiones, artistas </subfield>
    <subfield code="x">Arte contemporaneo </subfield>
    <subfield code="9">2226</subfield>
  </datafield>
  <datafield tag="700" ind1=" " ind2=" ">
    <subfield code="a">Mark Kremer; Maria Hlavajova; Annie Fletcher</subfield>
    <subfield code="9">2227</subfield>
  </datafield>
  <datafield tag="999" ind1=" " ind2=" ">
    <subfield code="c">464</subfield>
    <subfield code="d">464</subfield>
  </datafield>
  <datafield tag="952" ind1=" " ind2=" ">
    <subfield code="0">0</subfield>
    <subfield code="1">0</subfield>
    <subfield code="2">ddc</subfield>
    <subfield code="4">0</subfield>
    <subfield code="7">0</subfield>
    <subfield code="a">LV</subfield>
    <subfield code="b">LV</subfield>
    <subfield code="c">Pensamiento</subfield>
    <subfield code="d">2015-03-18</subfield>
    <subfield code="l">0</subfield>
    <subfield code="o">700.1 K923n</subfield>
    <subfield code="p">000373</subfield>
    <subfield code="r">2015-03-18 00:00:00</subfield>
    <subfield code="w">2015-03-18</subfield>
    <subfield code="y">01</subfield>
  </datafield>
</record>
